000 00841cab a2200253 4500
001 WB2907-49
008 090401t1993 xxu||||| |||| 00| 0 eng d
035 _a(Sirsi) u54685
041 _aeng
245 _aTest case for quarries
260 _c1993
350 _a0
490 _aDaily Telegraph
_v17 February 1993, 10
490 _aWestern Mail
_v17 February 1993, 5(1)
520 _aA public inquiry to examine whether a 1948 Interim Development Order gives quarrying rights to Alfred MacAlpine for extracting lime from an ancient woodland in West Wales is seen as a test case by conservationists.
650 _aINTERIM DEVELOPMENT ORDERS
650 _aLIMESTONE
650 _aMINERAL EXTRACTION
650 _aPUBLIC INQUIRIES
650 _aQUARRYING
690 _aMINING AND MINERALS
942 _n0
948 _c04/03/1997
999 _c33525
_d33525